000 01559nam a2200253Ia 4500
003 Ost
005 20260507075452.0
008 260507s9999||||xx |||||||||||||| ||und||
020 _a9775433657
040 _cfsecg
041 _aara
082 _a338.7
100 _aسليمان، محمد مصطفى
_eمؤلف
245 0 _aحوكمة الشركات و معالجة الفساد المالي و الاداري :
_bدراسة مقارنة /
_c محمد مصطفى سليمان
260 _aالاسكندرية:
_bالدار الجامعية,
_c2006
300 _a424 صفحة؛
_bإيضاحات ؛
_c24 سم
504 _aملاحق ص.353 مراجع ص.409
520 _aمقدمة عن مفهوم حوكمة الشركات و مبادئ حوكمة الشركات مع تناول تجارب الدول في تطبيق مبادئ حوكمة الشركات و كذا دور مجلس الادارة في حوكمة الشركات و تناول لجان المراجعة كأداة من أدوات حوكمة الشركات و كذا مسؤوليات لجنة المراجعة و مفهوم حوكمة الشركات في كل من الشركات الصغيرة و في الدول العربية و في الشركات العائلية و دور البنوك في حوكمة الشركات و اخيرا حوكمة الشركات في البنوك الاسلامية .
653 _aالإصلاح الإداري
653 _aالشركات
653 _aالفساد الاداري
653 _aحوكمة الشركات
942 _cكتاب
999 _c44640
_d44640